000 00371nam a22001217a 4500
999 _c125838
_d125838
008 161201b xxu||||| |||| 00| 0 eng d
050 _aBR 325.B26 1950 c.3
100 _aBainton, Roland H.
_927826
245 _aHere l stand
_b:a life of Martin Luther
_c/Roland H. Bainton
260 _aNashville
_bAbingdon
_c1950
300 _axiv,336p.;
_c18cm.
600 _aLuther, Martin
_929170
942 _2lcc
_cMONOGRAPH